Economía
Saved in:
| Main Authors: | , |
|---|---|
| Format: | Bog |
| Sprog: | spansk |
| Udgivet: |
Ciudad de México
McGraw-Hill Interamericana
2006
|
| Udgivelse: | 18a. ed |
| Fag: | |
| Tags: |
Tilføj Tag
Ingen Tags, Vær først til at tagge denne postø!
|
MARC
| LEADER | 00000nam a2200000 a 4500 | ||
|---|---|---|---|
| 001 | UCJ0940 | ||
| 003 | CL-VaPUC | ||
| 008 | 060914e20060000MX |||||||||||||||||spa|d | ||
| 020 | |a 9701053818 | ||
| 082 | 0 | 4 | |a 330 |b SAM |2 21 |
| 100 | 0 | |a Samuelson, Paul Anthony |e author |9 501403 | |
| 700 | 0 | |a Nordhaus, William D |e author |9 501404 | |
| 245 | 1 | 0 | |a Economía |
| 250 | |a 18a. ed | ||
| 300 | |a 753 p | ||
| 942 | |c BK | ||
| 945 | |d 20060914 00:00:00 |a jtorresc | ||
| 260 | |a Ciudad de México |b McGraw-Hill Interamericana |c 2006 | ||
| 650 | 0 | |a Economía |9 255568 | |
| 583 | |a last modification |c 20140409 03:54:15 |k Rodrigo Vera | ||
| 999 | |c 317676 |d 317674 | ||
| 952 | |0 0 |1 0 |2 ddc |4 0 |6 330_000000000000000_SAM_2006 |7 0 |8 A |9 394498 |a BIBING |b BIBING |c RES |d 2019-11-22 |i 4278313 |o 330 SAM 2006 |p 4278313 |r 2025-01-20 |w 2019-11-22 |y BK |k TRA | ||
| 952 | |0 0 |1 0 |2 ddc |4 0 |6 330_000000000000000_SAM_2006 |7 0 |8 A |9 394499 |a BIBING |b BIBING |c RES |d 2019-11-22 |i 4278321 |o 330 SAM 2006 |p 4278321 |r 2025-01-20 |w 2019-11-22 |y BK |k TRA | ||
| 952 | |0 0 |1 0 |2 ddc |4 0 |6 330_000000000000000_SAM_2006 |7 0 |8 A |9 394500 |a BIBING |b BIBING |c RES |d 2019-11-22 |i 427833K |o 330 SAM 2006 |p 427833K |r 2025-01-20 |w 2019-11-22 |y BK |k TRA | ||
| 952 | |0 0 |1 0 |2 ddc |4 0 |6 330_000000000000000_SAM_2006 |7 0 |8 A |9 394501 |a BIBING |b BIBING |c RES |d 2019-11-22 |i 4278348 |o 330 SAM 2006 |p 4278348 |r 2025-01-20 |w 2019-11-22 |y BK |k TRA | ||
| 952 | |0 0 |1 0 |2 ddc |4 0 |6 330_000000000000000_SAM_2006 |7 0 |8 A |9 394502 |a BIBING |b BIBING |c RES |d 2019-11-22 |i 4278356 |o 330 SAM 2006 |p 4278356 |r 2025-01-20 |w 2019-11-22 |y BK |k TRA | ||
| 952 | |0 0 |1 0 |4 0 |6 330_000000000000000_SAM_2006 |7 0 |8 A |9 394503 |a BIBAGR |b BIBAGR |d 2019-11-22 |i 4322185 |o 330 SAM 2006 |p 4322185 |r 2025-01-20 |w 2019-11-22 |y BK |k AGR | ||
| 952 | |0 0 |1 0 |4 0 |6 330_000000000000000_SAM_2006 |7 0 |8 A |9 394504 |a BIBAGR |b BIBAGR |d 2019-11-22 |i 4322193 |o 330 SAM 2006 |p 4322193 |r 2025-01-20 |w 2019-11-22 |y BK |k AGR | ||
| 952 | |0 0 |1 0 |4 0 |6 330_000000000000000_SAM_2006 |7 0 |8 A |9 394509 |a BIBAGR |b BIBAGR |d 2019-11-22 |i 432224K |o 330 SAM 2006 |p 432224K |r 2025-01-20 |w 2019-11-22 |y BK |k AGR | ||
| 952 | |0 0 |1 0 |4 0 |6 330_000000000000000_SAM_2006 |7 0 |8 A |9 394511 |a BIBAGR |b BIBAGR |d 2019-11-22 |i 4322266 |o 330 SAM 2006 |p 4322266 |r 2025-01-20 |w 2019-11-22 |y BK |k AGR | ||
| 952 | |0 0 |1 0 |4 0 |6 330_000000000000000_SAM_2006 |7 0 |8 A |9 394512 |a BIBAGR |b BIBAGR |d 2019-11-22 |i 4322274 |o 330 SAM 2006 |p 4322274 |r 2025-01-20 |w 2019-11-22 |y BK |k AGR | ||
| 952 | |0 0 |1 0 |4 0 |6 330_000000000000000_SAM_2006 |7 0 |8 A |9 394513 |a BIBAGR |b BIBAGR |d 2019-11-22 |i 4322282 |o 330 SAM 2006 |p 4322282 |r 2025-01-20 |w 2019-11-22 |y BK |k AGR | ||
| 952 | |0 0 |1 0 |4 0 |6 330_000000000000000_SAM_2006 |7 0 |8 A |9 394514 |a BIBDER |b BIBDER |d 2019-11-22 |i 4491149 |l 1 |o 330 SAM 2006 |p 4491149 |r 2024-05-10 |s 2024-05-02 |w 2019-11-22 |y BK |k DER | ||